Europe in the fourteenth and fifteenth centuries.

Bibliographic Details
Main Author: Hay, Denys
Format: Book
Language:English
Published: [London] : Longmans, [1966]
Series:General history of Europe.
Subjects:

MARC

Tag First Indicator Second Indicator Subfields
LEADER 00000cam a2200000 4500
001 in00000368205
005 20151011075022.0
008 750530s1966 enka 00100 eng d
035 |a (OCoLC)01363162 
035 |9 ABP5914AM 
040 |c IXA  |d TXA  |d UtOrBLW 
049 |a TXAM  |c [1493779] 
090 |a D202.8  |b .H3 1966a 
100 1 |a Hay, Denys. 
245 1 0 |a Europe in the fourteenth and fifteenth centuries. 
264 1 |a [London] :  |b Longmans,  |c [1966] 
264 4 |c [©1966] 
300 |a 420 pages :  |b illustrations ;  |c 23 cm. 
336 |a text  |b txt  |2 rdacontent 
337 |a unmediated  |b n  |2 rdamedia 
338 |a volume  |b nc  |2 rdacarrier 
490 1 |a A General history of Europe 
504 |a Bibliographical footnotes. 
650 0 |a Fourteenth century. 
650 0 |a Fifteenth century. 
830 0 |a General history of Europe. 
999 |a MARS 
999 f f |s 588e5acb-5d9f-3f6c-a149-00ea47e769fc  |i 0e1d45e2-ac19-3a18-ace6-7a5bc6ca7a21  |t 0 
952 f f |p ric  |a Texas A&M University  |b Rellis Campus  |c Joint Library Facility  |d Remote Storage  |t 0  |e D202.8 .H3 1966a  |h Library of Congress classification  |i unmediated -- volume  |m A14801874336 
998 f f |a D202.8 .H3 1966a  |t 0  |l Remote Storage